Lun yu : 2 juan.

Saved in:
நூற்பட்டியல் விவரங்கள்
தலைமை எழுத்தாளர்: Confucius.
வடிவம்: புத்தகம்
மொழி:Chinese
வெளியீடப்பட்டது: [China], Min guo 55 [1966]
பகுதிகள்:
குறியீடுகள்: குறிச்சொல் இணை
குறியீடுகள் இல்லை, இந்த குறிச்சொல்லை முதலில் பதிவு செய்யுங்கள்!
LEADER 00940cam a2200253ui 4500
001 007722332-2
005 20024617112705.0
008 980227r19661926cc 000 0 chi d
035 0 |a ocm38522331 
040 |a *YNH*  |c *YNH*  |d CStRLIN 
100 0 |a Confucius. 
245 1 0 |6 880-01  |a Lun yu :  |b 2 juan. 
260 |6 880-02  |a [China],  |c Min guo 55 [1966] 
300 |a 1 v. ;  |c 19 cm. 
500 |6 880-03  |a (In Yan Lingfeng bian ji Wu qiu bei zhai Lun yu ji cheng v. 3) 
500 |6 880-04  |a Facsimile reproduction of 1926 Wujin Tao shi She yuan Song kan jin xiang ben ba jing. 
600 0 0 |6 880-05  |a Confucius.  |t Lun yu. 
880 1 0 |6 245-01  |a 論語 :  |b 2卷. 
880 |6 260-02  |a [China],  |c 民國55 [1966] 
880 |6 500-03  |a (In 嚴靈峯編輯 無求備齋論語集成 v. 3) 
880 |6 500-04  |a Facsimile reproduction of 1926 武進陶氏涉園宋刋巾箱本八經. 
880 0 0 |6 600-05  |a Confucius.  |t 論語. 
988 |a 20021121 
906 |0 MH